00465nam a22001697a 4500003000400000020001500004082002000019100002100039245008000060260004400140300001000184546001200194650002600206650001800232650002400250700002100274OSt a8120309286 a004.678bCOM/IN aComer, Douglas E aInternet working with TCP/IP V3:bclient server programming and application aNew DelhibPrentice Hall of Indiac2011 a498p. aEnglish aNetwork communication aClient server aProgramme interface aStevens, David L